|
|
|
|
| LEADER |
00000cam a2200000 7i4500 |
| 001 |
0000008284 |
| 005 |
20021119093000.0 |
| 008 |
021119n |
| 020 |
|
|
|a 0340233761
|
| 050 |
0 |
0 |
|a PJ6307
|b .H37
|
| 090 |
0 |
0 |
|a PJ6307
|b .H37
|
| 100 |
0 |
|
|a Harvey, David ,
|e author
|
| 245 |
0 |
0 |
|a Spoken Arabic
|c David Harvey
|
| 260 |
2 |
|
|a London :
|b Hodder and Stoughton ,
|c 1979
|
| 300 |
|
|
|a 224 p. ; ;
|c 21 cm.
|
| 650 |
|
0 |
|a Arabic language
|x Grammar
|
| 650 |
|
0 |
|a Arabic language
|x Spoken Arabic
|
| 999 |
|
|
|a 1000041425
|b Book
|c OPEN SHELF (30 DAYS)
|e Gong Badak Campus
|
| 999 |
|
|
|a 1000041429
|b Book
|c OPEN SHELF (30 DAYS)
|e Gong Badak Campus
|